Zapata y la Revolución Mexicana / (Record no. 22109)

MARC details
000 -CABECERA
campo de control de longitud fija 00983nam a22002657a 4500
003 - IDENTIFICADOR DEL NÚMERO DE CONTROL
campo de control OSt
005 - FECHA Y HORA DE LA ÚLTIMA TRANSACCIÓN
campo de control 20260601193858.0
008 - DATOS DE LONGITUD FIJA--INFORMACIÓN GENERAL
campo de control de longitud fija 260421b1969 nyua|||| |||| 00| 0 spa d
020 ## - NÚMERO INTERNACIONAL ESTÁNDAR DEL LIBRO
Número Internacional Estándar del Libro 9789682303227
040 ## - FUENTE DE LA CATALOGACIÓN
Centro catalogador/agencia de origen ICI
Lengua de catalogación spa
Centro/agencia transcriptor ICI
050 ## - SIGNATURA TOPOGRÁFICA DE LA BIBLIOTECA DEL CONGRESO
Número de clasificación F1234.Z3
Número de documento/Ítem W63
100 ## - ENTRADA PRINCIPAL--NOMBRE DE PERSONA
Nombre de persona Womack, John,
Títulos y otros términos asociados al nombre Jr.,
Fechas asociadas al nombre 1937-
Término indicativo de función/relación autor
9 (RLIN) 33304
245 ## - MENCIÓN DE TÍTULO
Título Zapata y la Revolución Mexicana /
Mención de responsabilidad, etc. por John Womack, jr. ; traduccion de Francisco González Aramburu
250 ## - MENCIÓN DE EDICIÓN
Mención de edición Primera edición
264 ## - PRODUCCIÓN, PUBLICACIÓN, DISTRIBUCIÓN, FABRICACIÓN Y COPYRIGHT
Producción, publicación, distribución, fabricación y copyright México :
Nombre del de productor, editor, distribuidor, fabricante Siglo Veintiuno,
Fecha de producción, publicación, distribución, fabricación o copyright 1969
300 ## - DESCRIPCIÓN FÍSICA
Extensión xii, 443 páginas, 20 páginas no numeradas de láminas :
Otras características físicas ilustraciones, retratos
Dimensiones 21 cm.
336 ## - TIPO DE CONTENIDO
Fuente rdacontent
Término de tipo de contenido texto
337 ## - TIPO DE MEDIO
Fuente rdamedia
Nombre/término del tipo de medio sin medio
338 ## - TIPO DE SOPORTE
Fuente rdacarrier
Nombre/término del tipo de soporte volumen
500 ## - NOTA GENERAL
Nota general Reimpresiones: (18a, 1992) -- (30a, 2011)
650 ## - PUNTO DE ACCESO ADICIONAL DE MATERIA--TÉRMINO DE MATERIA
Término de materia o nombre geográfico como elemento de entrada Zapata, Emiliano,
Fechas vigentes 1879-1919
9 (RLIN) 33305
651 ## - PUNTO DE ACCESO ADICIONAL DE MATERIA--NOMBRE GEOGRÁFICO
Nombre geográfico México
Subdivisión general Historia
Subdivisión cronológica Revolución, 1910-1920
9 (RLIN) 4975
700 ## - PUNTO DE ACCESO ADICIONAL--NOMBRE DE PERSONA
Nombre de persona González Aramburu, Francisco
Término indicativo de función/relación traductor
942 ## - ELEMENTOS DE PUNTO DE ACCESO ADICIONAL (KOHA)
Fuente del sistema de clasificación o colocación Library of Congress Classification
Tipo de ítem Koha Libros
Holdings
Estado de retiro Estado de pérdida Fuente del sistema de clasificación o colocación Estado dañado No para préstamo Localización permanente Ubicación/localización actual Fecha de adquisición Total de préstamos Signatura topográfica completa Código de barras Fecha visto por última vez Número de copia Precio válido a partir de Tipo de ítem Koha
El ejemplar forma parte de la colección y puede ser consultado según las políticas vigentes.   Dewey Decimal Classification     Biblioteca de Diseño Museo Franz Mayer Biblioteca de Diseño Museo Franz Mayer 21/04/2026   F1234.Z3 W63 BDIMFM000710 21/04/2026 Ej.1 21/04/2026 Libros